[Event "SVK-chT2B 0607"]
[Site "Slovakia"]
[Date "2006.10.15"]
[Round "2.2"]
[White "Valkovic, Pavol"]
[Black "Kubica, Viktor"]
[Result "1-0"]
[WhiteElo "2150"]
[BlackElo "2056"]
[PlyCount "111"]
[EventDate "2006.10.14"]
[EventType "team-tourn"]
[EventRounds "11"]
[EventCountry "SVK"]
[SourceTitle "EXT 2008"]
[Source "ChessBase"]
[SourceDate "2007.11.25"]
[SourceVersion "1"]
[SourceVersionDate "2007.11.25"]
[SourceQuality "1"]
[WhiteTeam "Topolcianky"]
[BlackTeam "Nove Zamky II"]
[WhiteTeamCountry "SVK"]
[BlackTeamCountry "SVK"]

1. e4 c5 2. Nf3 g6 3. d4 cxd4 4. Nxd4 Nc6 5. Be3 Bg7 6. Nxc6 bxc6 7. Bd4 Nf6 8. Nc3 0-0 9. Be2 Qc7 10. 0-0 Rb8 11. Rb1 d6 12. Qd2 e5 13. Be3 Ng4 14. Bxg4 Bxg4 15. Bh6 Be6 16. Bxg7 Kxg7 17. f4 exf4 18. Rxf4 Kg8 19. Qd4 Qb6 20. Qxb6 Rxb6 21. b3 Rbb8 22. Rd1 Rbd8 23. Rf2 Rd7 24. h3 f5 25. exf5 Rxf5 26. Ne4 Rxf2 27. Kxf2 Rf7+ 28. Kg3 d5 29. Ng5 Rf6 30. Re1 Bf7 31. Re7 h6 32. Nxf7 Rxf7 33. Re6 Kg7 34. Rxc6 Rd7 35. Kf3 h5 36. Ke3 h4 37. Kf3 Re7 38. Rd6 Rc7 39. Rxd5 Rxc2 40. Rd7+ Kh6 41. Rxa7 Rc3+ 42. Kf2 Rc2+ 43. Kg1 Kg5 44. Ra4 Rb2 45. b4 Kf5 46. a3 g5 47. Kh2 Ke5 48. Ra5+ Kf4 49. b5 Kf5 50. b6+ Kf6 51. Ra6 Kf5 52. a4 g4 53. Ra5+ Kf4 54. Rb5 g3+ 55. Kg1 Ra2 56. Rb1 1-0

[Event "SVK-chT2B 0607"]
[Site "Slovakia"]
[Date "2006.10.14"]
[Round "1.1"]
[White "Magerciak, Roman"]
[Black "Kubica, Viktor"]
[Result "0-1"]
[WhiteElo "1957"]
[BlackElo "2056"]
[PlyCount "73"]
[EventDate "2006.10.14"]
[EventType "team-tourn"]
[EventRounds "11"]
[EventCountry "SVK"]
[SourceTitle "EXT 2008"]
[Source "ChessBase"]
[SourceDate "2007.11.25"]
[SourceVersion "1"]
[SourceVersionDate "2007.11.25"]
[SourceQuality "1"]
[WhiteTeam "Povazska Bystrica II"]
[BlackTeam "Nove Zamky II"]
[WhiteTeamCountry "SVK"]
[BlackTeamCountry "SVK"]

1. d4 Nf6 2. c4 c5 3. d5 b5 4. cxb5 a6 5. b6 Qxb6 6. Nc3 d6 7. e4 g6 8. Nf3 Bg7 9. Be2 0-0 10. Nd2 Nbd7 11. 0-0 Ne8 12. Nc4 Qd8 13. Kh1 a5 14. f4 Nb6 15. Be3 Nxc4 16. Bxc4 Ba6 17. Bxa6 Rxa6 18. Qe2 Nc7 19. Rad1 Rb6 20. Bc1 Qd7 21. h4 Nb5 22. Nxb5 Qxb5 23. Qg4 Bxb2 24. f5 Bxc1 25. Rxc1 Qb2 26. h5 Qg7 27. Rf3 Qh6 28. Rcf1 Qxh5+ 29. Qxh5 gxh5 30. f6 Re8 31. Rg3+ Kh8 32. Rg7 exf6 33. Rxf7 Rxe4 34. R1xf6 Rb1+ 35. Kh2 Rh4+ 36. Kg3 Rg4+ 37. Kh2 0-1